| 000 | 00000nam 2200000za 4500 |
| 001 | 9.822247 |
| 003 | CaOODSP |
| 005 | 20221107143638 |
| 007 | cr ||||||||||| |
| 008 | 160809s1999 onc||||#o i000 0 eng d |
| 040 | |aCaOODSP|beng |
| 043 | |an-cn--- |
| 086 | 1 |aE100-2/1-98-1904-01E-PDF |
| 110 | 2 |aNAFTA Secretariat. |
| 245 | 10|aIn the matter of certain certain prepared baby food originating in or exported from the United States of America (injury) |h[electronic resource] : |bdecision and reasons of the panel. |
| 246 | 1 |iAt head of title : |aNorth American Free Trade Agreement Article 1904 Binational Panel Review |
| 246 | 30|aCertain prepared baby food originating in or exported from the United States of America (injury) |
| 260 | |a[Ottawa] : |bNAFTA Secretariat, |c1999. |
| 300 | |a15 p. |
| 500 | |aNovember 17, 1999. |
| 500 | |aIssued also in French under title: Dans l'affaire de certaines préparations alimentaires pour bébés originaires ou exportées des États-Unis d'Amérique (préjudice). |
| 504 | |aIncludes bibliographical references. |
| 692 | 07|2gccst|aImports |
| 692 | 07|2gccst|aFree trade agreements |
| 692 | 07|2gccst|aInternational trade |
| 775 | 08|tDans l'affaire de certaines préparations alimentaires pour bébés originaires ou exportées des États-Unis d'Amérique (préjudice) |w(CaOODSP)9.822250 |
| 856 | 40|qPDF|s1.37 MB|uhttps://publications.gc.ca/collections/collection_2016/alena-sec-nafta/E100-2-1-98-1904-01-eng.pdf |
| 986 | |aCDA-USA-98-1904-01 |